Study guide general chemistry

Bibliographic Details
Main Authors: Senyk, Joan I, Braun, James R., Krannich, Larry K.
Format: Section = Libro
Language:Undetermined
Spanish
Published: Unites States Houghton Mifflin Company 1987
Edition:2a. ed.
Subjects:
LEADER 00614nam a2200229Ia 4500
008 240830s9999 xx 000 0 und d
020 |a 0-395-42317-1 
040 |a CEDOC FIQ-RUSB / 540 S478 
041 |a spa 
082 |a 540 S478 
100 1 |a Senyk, Joan I 
100 1 |b Braun, James R.  
100 1 |c Krannich, Larry K. 
245 1 0 |a Study guide general chemistry 
250 |a 2a. ed. 
260 |a Unites States  |b Houghton Mifflin Company  |c 1987 
300 |a 586 p.: il. 
650 7 |a QUIMICA GENERAL 
650 7 |b  CONFIGURACIÓN Y PERIODICIDAD DE ELECTROC 
942 |c BK  |2 ddc 
991 |a TEXTO 
999 |c 13766